书目信息 |
| 题名: |
天然高分子基仿生硒酶
|
|
| 作者: | 梁兴唐 著 | |
| 分册: | ||
| 出版信息: | 西安 西北工业大学出版社 2022.02 |
|
| 页数: | 129页 | |
| 开本: | 24cm | |
| 丛书名: | ||
| 单 册: | ||
| 中图分类: | Q554 , Q503 | |
| 科图分类: | ||
| 主题词: | 谷胱甘肽--gu guang gan tai--过氧化物酶--制备--技术 | |
| 电子资源: | ||
| ISBN: | 978-7-5612-8099-7 | |
| 000 | 01106nam0 2200253 450 | |
| 001 | 24845 | |
| 005 | 20220918110943.59 | |
| 010 | @a978-7-5612-8099-7@dCNY48.00 | |
| 100 | @a20220613d2022 em y0chiy50 ea | |
| 101 | 0 | @achi |
| 102 | @aCN@b610000 | |
| 105 | @aa a 000yy | |
| 200 | 1 | @a天然高分子基仿生硒酶@Atian ran gao fen zi ji fang sheng xi mei@f梁兴唐 ... [等] 著 |
| 210 | @a西安@c西北工业大学出版社@d2022.02 | |
| 215 | @a129页@c图@d24cm | |
| 304 | @a题名页题其余责任者: 焦淑菲, 石成, 张瑞瑞, 钟书明, 尹艳镇 | |
| 320 | @a有书目 (第117-129页) | |
| 330 | @a本书选择具有两亲性结构特点的辛烯基琥珀酸淀粉酯为骨架材料, 在淀粉颗粒上构筑催化中心、疏水微环境和识别位点三种催化基元并实现其协同催化, 阐明不同反应因素对催化活力影响的构效关系。各章节按研究背景、思路设计、实验方法、具体创新成果的思路排布, 希望能为完善仿生硒酶的研究体系、推动仿生硒酶材料应用走向产业化尽绵薄之力。 | |
| 606 | 0 | @a谷胱甘肽@Agu guang gan tai@x过氧化物酶@x制备@x技术 |
| 690 | @aQ554@v5 | |
| 690 | @aQ503@v5 | |
| 701 | 0 | @a梁兴唐@Aliang xing tang@4著 |
| 801 | 0 | @aCN@c20220910 |
| 905 | @a河南城建学院图书馆@dQ554@eL415@f2 | |
| 天然高分子基仿生硒酶/梁兴唐 ... [等] 著.-西安:西北工业大学出版社,2022.02 |
| 129页:图;24cm |
| ISBN 978-7-5612-8099-7:CNY48.00 |
| 本书选择具有两亲性结构特点的辛烯基琥珀酸淀粉酯为骨架材料, 在淀粉颗粒上构筑催化中心、疏水微环境和识别位点三种催化基元并实现其协同催化, 阐明不同反应因素对催化活力影响的构效关系。各章节按研究背景、思路设计、实验方法、具体创新成果的思路排布, 希望能为完善仿生硒酶的研究体系、推动仿生硒酶材料应用走向产业化尽绵薄之力。 |
| ● |
| 相关链接 |
|
|
|
正题名:天然高分子基仿生硒酶
索取号:Q554/L415
 
预约/预借
| 序号 | 登录号 | 条形码 | 馆藏地/架位号 | 状态 | 备注 |
| 1 | 1575305 | 215753058 | 自科库401/401自科库 30排1列5层/ [索取号:Q554/L415] | 在馆 | |
| 2 | 1575306 | 215753067 | 自科库401/401自科库 30排1列5层/ [索取号:Q554/L415] | 在馆 |